000 00278nam a22001337a 4500
008 170201b xxu||||| |||| 00| 0 eng d
020 _a9781437702125
041 _aeng
080 _a61
100 _a3
101 _a2011 HCPCS
245 _a2011 HCPCS
_cBUCK
942 _2udc
_cBK
999 _c4226
_d4226